000 02257nam a2200577Ii 4500
001 DIGSIRLA0255
003 NyNyDIG
008 160406t20142014sp o 000 f spa d
006 m o d
007 cr |||||||||||
035 _a(OCoLC)946105612
040 _aDGITA
_beng
_erda
_epn
_cDGITA
020 _a9788416120130
_q(eBook ;
_qePub)
020 _a8416120137
_q(eBook ;
_qePub)
020 _a9788416120147
_q(eBook ;
_qKindle)
020 _a8416120145
_q(eBook ;
_qKindle)
020 _z9788415937586
020 _z841593758X
041 1 _aspa
_heng
050 1 4 _aPR9619.4.N86 eBook
082 0 4 _a823.92
_223
100 1 _aNunn, Malla,
_eauthor.
240 1 0 _aBlessed are the dead.
_lSpanish
245 1 0 _aBenditos sean los muertos :
_bel tercer caso del detective Cooper /
_cMalla Nunn ; traducción del inglés de María Corniero.
250 _aEdición en formato digital.
264 1 _aMadrid :
_bSiruela,
_cfebrero de 2014.
264 4 _c©2014
300 _a1 online resource.
336 _atext
_btxt
_2rdacontent
337 _acomputer
_bc
_2rdamedia
338 _aonline resource
_bcr
_2rdacarrier
490 1 _aNuevos tiempos/Policiaca ;
_v275
588 0 _aOnline resource; title from ePub title page (Digitalia, viewed April 8, 2016)
600 1 0 _aCooper, Emmanuel
_c(Fictitious character)
_vFiction.
650 0 _aPolice
_zSouth Africa
_vFiction.
650 0 _aMissing persons
_vFiction.
650 0 _aZulu (African people)
_vFiction.
651 0 _aKwaZulu-Natal Midlands (South Africa)
_vFiction.
651 0 _aSouth Africa
_xHistory
_y1909-1961
_vFiction.
655 7 _aDetective and mystery fiction.
_2lcgft
655 0 _aElectronic books.
700 1 _aCorniero, María,
_etranslator.
791 2 _aDigitalia (Firm),
_edistributor.
793 0 _gDigitalia eBook Collection:
_aSiruela
776 0 8 _iPrint version:
_aNunn, Malla,
_sBlessed are the dead. Spanish.
_tBenditos sean los muertos.
_dMadrid : Siruela, 2014
_z9788415937586
_w(OCoLC)870982411
830 0 _aNuevos tiempos (Madrid, Spain) ;
_v275.
830 0 _aNuevos tiempos (Madrid, Spain).
_pSerie policiaca.
856 4 0 _3Digitalia Hispánica
_uhttps://www.digitaliapublishing.com/a/31814/
910 _aPremium Collection: 2016
942 _cRAA
999 _c240970
_d240970